00195nam a2200085Ia 4500008004100000041000800041100001500049245003600064260000900100230508s1986 xx 000 0 und d aeng aGELBERG B. aREPAIR OF INDUSTRIAL EQUIPMENTS c1986